banner koha

Controle quimico de Rotylenchulus reniformis em algodoeiro [Algodao; Gossipium spp; Nematicida; Nematoide] (Registro n. 334097)

MARC details
000 -LÍDER
campo de controle de tamanho fixo 01425naa a22003377a 4500
001 - NÚMERO DE CONTROLE
campo de controle BR8201356
003 - IDENTIFICADOR DO NÚMERO DE CONTROLE
campo de controle BR-BrBNA
005 - DATA E HORÁRIO DA ÚLTIMA TRANSAÇÃO
campo de controle 20250721143154.0
007 - CAMPO FIXO DE DESCRIÇÃO FÍSICA--INFORMAÇÃO GERAL
campo de controle de tamanho fixo ta
008 - CAMPO DE DADOS FIXOS--INFORMAÇÃO GERAL
campo de controle de tamanho fixo 250630b bl.|||m| |||| 00| 0 por d
040 ## - FONTE DA CATALOGAÇÃO
Instituição da catalogação original BR-BrBNA
Idioma da catalogação por
Instituição que transcreveu o registro Biblioteca Nacional de Agricultura
041 ## - CÓDIGO DE IDIOMA
Código do idioma do texto/trilha sonora ou título diferente (Pt)
072 ## - CÓDIGO DE CATEGORIA DE ASSUNTO
Código de Categoria de Assunto H10
Código do objeto 0430
-- 3879
-- 4050
090 ## - NÚMERO DE CHAMADA LOCAL
Número de chamada H10 BR8201356
100 1# - ENTRADA PRINCIPAL--NOME PESSOAL
Nome pessoal Brancalion, A.M.
100 1# - ENTRADA PRINCIPAL--NOME PESSOAL
Nome pessoal Lordello, L.G.E.
111 1# - ENTRADA PRINCIPAL--NOME DO EVENTO
Nome do evento ou lugar 5. Reuniao Brasileira de Nematologia
Local do evento Londrina, PR (Brazil)
Data do evento ou assinatura do tratado 9 Feb 1981
245 1# - TÍTULO
Título Controle quimico de Rotylenchulus reniformis em algodoeiro [Algodao; Gossipium spp; Nematicida; Nematoide]
246 1# - FORMA VARIANTE DO TÍTULO
Título/título abreviado [Chemical control of Rotylenchulus reniformis in cotton plant [Cotton; Gossypium spp; Nematicide; Nematode]]
246 1# - FORMA VARIANTE DO TÍTULO
Título/título abreviado [Works presented to the 5. Brazilian Meeting of Nematology]
490 ## - TÍTULO DA SÉRIE
Título da série Publicacao - Sociedade Brasileira de Nematologia (Brazil)
Número do volume ou designação sequencial da série no. 5
500 ## - NOTA GERAL
Nota geral Trabalhos apresentados a 5. Reuniao Brasileira de Nematologia<br/>Piracicaba, SP (Brasil): 1982. p. 191-195 [7 ref.; Summaries (En, Pt)]<br/>(BR8201356-AMS)<br/>
650 ## - ASSUNTO--TERMO TÓPICO
Cabeçalho tópico ou nome geográfico Praga de planta
650 ## - ASSUNTO--TERMO TÓPICO
Cabeçalho tópico ou nome geográfico Algodao
650 ## - ASSUNTO--TERMO TÓPICO
Cabeçalho tópico ou nome geográfico Nematicida
650 ## - ASSUNTO--TERMO TÓPICO
Cabeçalho tópico ou nome geográfico Nematoide
650 ## - ASSUNTO--TERMO TÓPICO
Cabeçalho tópico ou nome geográfico Controle quimico
773 0# - ENTRADA ANALÍTICA
Título Trabalhos apresentados a 5. Reuniao Brasileira de Nematologia
Número de controle do registro H10 BR8201356
Partes relacionadas Piracicaba, SP (Brasil), 1982. p. 191-195
942 ## - ELEMENTOS DE ENTRADA ADICIONADOS (KOHA)
Tipo de material Koha Analítica de Monografia Seriada
Fonte da classificação ou esquema de arquivamento na estante Classificação AGRIS
909 ## -
-- 202506
-- Lúcia
-- 55
-- Lúcia Elande
Exemplares
Situação do descarte Fonte da classificação ou esquema de arquivamento na estante Situação física Não pode ser emprestado Coleção Biblioteca de origem Biblioteca atual Total de empréstimos Data de último acesso Número do exemplar Tipo de material Koha Situação das perdas Data de aquisição Fonte de aquisição
  Classificação AGRIS       Biblioteca Nacional de Agricultura - Binagri Biblioteca Nacional de Agricultura - Binagri   30/06/2025 01 Analítica de Monografia Seriada   2025-06-30 Portaria Interministerial nº 164/94

BINAGRI

Telefone: (61)3218-2567/2388/3357/2097 - binagri@agro.gov.br

Ministério da Agricultura e Pecuária , Esplanada dos Ministérios, Bloco D, Anexo B, Brasília/DF, CEP: 70.043-900